Rice in deep water (Record no. 4933)

MARC details
000 -LEADER
fixed length control field 00631nam a2200241 i 4500
001 - CONTROL NUMBER
control field C2-0027562
003 - CONTROL NUMBER IDENTIFIER
control field PPAK
005 - DATE AND TIME OF LATEST TRANSACTION
control field 20190630222007.0
008 - FIXED-LENGTH DATA ELEMENTS--GENERAL INFORMATION
fixed length control field 970204s1992 enka|||| ||||| | eng d
020 ## - INTERNATIONAL STANDARD BOOK NUMBER
International Standard Book Number 0333549783
040 ## - CATALOGING SOURCE
Original cataloging agency PPAK
Language of cataloging eng
Transcribing agency PPAK
Description conventions rda
082 04 - DEWEY DECIMAL CLASSIFICATION NUMBER
Classification number 633.18
Edition number 23
090 00 - LOCALLY ASSIGNED LC-TYPE CALL NUMBER (OCLC); LOCAL CALL NUMBER (RLIN)
Classification number (OCLC) (R) ; Classification number, CALL (RLIN) (NR) 633.18
Feature heading CAT
Feature heading G
Classification number (OCLC) (R) ; Classification number, CALL (RLIN) (NR) 633.18
Feature heading CAT
Feature heading R
100 1# - MAIN ENTRY--PERSONAL NAME
Personal name Catling, David,
Relator term author
245 10 - TITLE STATEMENT
Title Rice in deep water
264 #1 - PRODUCTION, PUBLICATION, DISTRIBUTION, MANUFACTURE, AND COPYRIGHT NOTICE
Place of production, publication, distribution, manufacture London :
Name of producer, publisher, distributor, manufacturer Macmillan ,
Date of production, publication, distribution, manufacture, or copyright notice 1992
300 ## - PHYSICAL DESCRIPTION
Extent 542 pages :
Other physical details illustrations ;
Dimensions 25 cm
336 ## - CONTENT TYPE
Source rdacontent
Content type term text
337 ## - MEDIA TYPE
Source rdamedia
Media type term unmediated
338 ## - CARRIER TYPE
Source rdacarrier
Carrier type term volume
942 ## - ADDED ENTRY ELEMENTS (KOHA)
-- dc
Koha item type Book
Holdings
Withdrawn Not for loan Current library Shelving location Date acquired Full call number Barcode Date last seen Koha item type
  Not For Loan Perpustakaan Awam Sungai Petani Rujukan Dewasa 07/03/2004 R 633.18 CAT A00419450 08/05/2018 Book
    Perpustakaan Baling Pinjaman Dewasa 23/04/2003 633.18 CAT A00312384 08/05/2018 Book
  Not For Loan Perpustakaan Jitra Rujukan Dewasa 31/03/2004 R 633.18 CAT A00847264 08/05/2018 Book